Women in Love / (Record no. 522855)

000 -LEADER
fixed length control field 00677cam a2200241 4500
001 - CONTROL NUMBER
control field 3108722
003 - CONTROL NUMBER IDENTIFIER
control field NUST
005 - DATE AND TIME OF LATEST TRANSACTION
control field 20190124144533.0
008 - FIXED-LENGTH DATA ELEMENTS--GENERAL INFORMATION
fixed length control field 860317s1936 cau 000 0 eng
010 ## - LIBRARY OF CONGRESS CONTROL NUMBER
LC control number a 36000476
020 ## - INTERNATIONAL STANDARD BOOK NUMBER
International Standard Book Number 9780141441512
038 ## - RECORD CONTENT LICENSOR
Staff Name Tanveer
040 ## - CATALOGING SOURCE
Original cataloging agency DLC
Transcribing agency DLC
Modifying agency DLC
050 00 - LIBRARY OF CONGRESS CALL NUMBER
Classification number PR6023.A93
Item number W6536 1936
082 00 - DEWEY DECIMAL CLASSIFICATION NUMBER
Classification number 823.912
Author Mark LAW
100 1# - MAIN ENTRY--PERSONAL NAME
Personal name Lawrence, D. H.
Fuller form of name (David Herbert),
9 (RLIN) 13169
245 10 - TITLE STATEMENT
Title Women in Love /
Statement of responsibility, etc. D.H. Lawrence
260 ## - PUBLICATION, DISTRIBUTION, ETC.
Place of publication, distribution, etc. New York :
Name of publisher, distributor, etc. Bantam Books,
Date of publication, distribution, etc. 2006.
300 ## - PHYSICAL DESCRIPTION
Extent 558 p.
Dimensions 18 cm.
600 10 - SUBJECT ADDED ENTRY--PERSONAL NAME
Personal name Lawrence, D. H.
Title of a work Women in love.
9 (RLIN) 13170
906 ## - LOCAL DATA ELEMENT F, LDF (RLIN)
a 7
b cbc
c orignew
d 2
e ncip
f 19
g y-gencatlg
942 ## - ADDED ENTRY ELEMENTS (KOHA)
Source of classification or shelving scheme
Koha item type Book
Holdings
Withdrawn status Lost status Source of classification or shelving scheme Damaged status Not for loan Permanent Location Current Location Date acquired Total Checkouts Full call number Barcode Date last seen Date last checked out Price effective from Koha item type
          Central Library (CL) Central Library (CL) 01/24/2019 3 823.912 LAW NIT-9429 11/20/2025 11/17/2025 01/24/2019 Book
© 2023 Central Library, National University of Sciences and Technology. All Rights Reserved.